<?xml version="1.0" encoding="UTF-8"?>
<record
    xmlns:xsi="http://www.w3.org/2001/XMLSchema-instance"
    xsi:schemaLocation="http://www.loc.gov/MARC21/slim http://www.loc.gov/standards/marcxml/schema/MARC21slim.xsd"
    xmlns="http://www.loc.gov/MARC21/slim">

  <leader>01536nam a22002297a 4500</leader>
  <controlfield tag="003">OSt</controlfield>
  <controlfield tag="005">20220303130656.0</controlfield>
  <controlfield tag="008">190813b        xxu||||| |||| 00| 0 eng d</controlfield>
  <datafield tag="020" ind1=" " ind2=" ">
    <subfield code="a">0072314990</subfield>
  </datafield>
  <datafield tag="040" ind1=" " ind2=" ">
    <subfield code="c">LC</subfield>
  </datafield>
  <datafield tag="050" ind1=" " ind2=" ">
    <subfield code="a">HD30.28.T53(12e)</subfield>
  </datafield>
  <datafield tag="100" ind1=" " ind2=" ">
    <subfield code="a">Thompson, Arthur A.</subfield>
  </datafield>
  <datafield tag="245" ind1=" " ind2=" ">
    <subfield code="a">Strategic management: concepts and cases. /</subfield>
    <subfield code="c">Arthur A. Thompson and A. J. Strickland III</subfield>
  </datafield>
  <datafield tag="250" ind1=" " ind2=" ">
    <subfield code="a">12th ed.</subfield>
  </datafield>
  <datafield tag="260" ind1=" " ind2=" ">
    <subfield code="a">New York:</subfield>
    <subfield code="b">McGraw-Hill/Irwin,</subfield>
    <subfield code="c">2001</subfield>
  </datafield>
  <datafield tag="300" ind1=" " ind2=" ">
    <subfield code="a">xxxix, 440 p.[+ various pagings]:</subfield>
    <subfield code="b">ill;</subfield>
    <subfield code="c">26 cm.</subfield>
  </datafield>
  <datafield tag="500" ind1=" " ind2=" ">
    <subfield code="a">Includes index.</subfield>
  </datafield>
  <datafield tag="505" ind1=" " ind2=" ">
    <subfield code="a">Contents: Part I: The concepts and techniques of strategic management: The strategic management process: an overview -- Establishing company direction; developing a strategic vision, setting objectives, and crafting a strategy -- Industry and competitive analysis --Evaluating company resources and competitive capabilities -- Strategy and competitive advantage -- Strategies for competing in globalizing markets -- New business models and strategies for the internet economy -- Tailoring strategy to fit specific industry and company situations -- Strategy and competitive advantage in diversified companies -- Evaluating the strategies of diversified companies -- Building resources strengths and organizational capabilities Managing the internal organization to promote better strategies execution -- Corporate culture and leadership - keys to effective strategy execution -- </subfield>
  </datafield>
  <datafield tag="650" ind1=" " ind2=" ">
    <subfield code="v">Strategic management</subfield>
  </datafield>
  <datafield tag="700" ind1=" " ind2=" ">
    <subfield code="a">Strickland, A. J.</subfield>
  </datafield>
  <datafield tag="942" ind1=" " ind2=" ">
    <subfield code="2">lcc</subfield>
    <subfield code="c">BK</subfield>
  </datafield>
  <datafield tag="999" ind1=" " ind2=" ">
    <subfield code="c">8878</subfield>
    <subfield code="d">16378</subfield>
  </datafield>
  <datafield tag="952" ind1=" " ind2=" ">
    <subfield code="0">0</subfield>
    <subfield code="1">0</subfield>
    <subfield code="2">lcc</subfield>
    <subfield code="4">0</subfield>
    <subfield code="7">0</subfield>
    <subfield code="a">WIUC-KL</subfield>
    <subfield code="b">WIUC-KL</subfield>
    <subfield code="c">GEN</subfield>
    <subfield code="d">2019-11-18</subfield>
    <subfield code="e">SMC</subfield>
    <subfield code="o">HD30.28.T53(12e)</subfield>
    <subfield code="p">K/2552/2552/19</subfield>
    <subfield code="r">2022-03-03 00:00:00</subfield>
    <subfield code="w">2022-03-03</subfield>
    <subfield code="y">BK</subfield>
  </datafield>
</record>
